|
|
|
|
| LEADER |
00862cam a2200193 7i4500 |
| 001 |
0000002748 |
| 005 |
19991025090000.0 |
| 002 |
##000004008 |
| 020 |
0 |
0 |
|a 0-8213-1899-3
|
| 090 |
0 |
0 |
|a B 332.673091724
|b IND
|
| 245 |
0 |
0 |
|a Industrialized countries' policies affecting foreign direct investment in developing countries.Volume ii : country studies
|c edited by Jacobs S. Dreyer...[et al.].
|
| 260 |
0 |
0 |
|a Washington, D.C:
|b The World Bank,
|c 1991.
|
| 300 |
0 |
0 |
|a 210p.
|
| 440 |
0 |
0 |
|a PAS research paper series
|
| 500 |
0 |
0 |
|a The report is based on case studies of six industrialized countries (United States, United Kingdom, Germany, Netherlands and Sweden)
|
| 650 |
0 |
0 |
|a Investment, Foreign --
|x Goverment policy --
|x Case studies
|
| 650 |
0 |
0 |
|a Investment, Foreign --
|x Developing countries
|
| 700 |
0 |
0 |
|a Dreyer
|
| 999 |
|
|
|a 0000004445
|b Book
|c Open shelf
|e Business Information Centre
|